Vírgenes, magos y escapularios (Record no. 172925)

MARC details
000 -LEADER
campo de control de longitud fija 01332nam a22002655i 4500
001 - NÚMERO DE CONTROL
campo de control 172925
003 - IDENTIFICADOR DE NÚMERO DE CONTROL
campo de control ES-MaACL
005 - FECHA Y HORA DE LA ÚLTIMA TRANSACCIÓN
campo de control 20250801082748.0
008 - DATOS DE LONGITUD FIJA--INFORMACIÓN GENERAL
campo de control de longitud fija 090916s1998 pr |||| | spa d
020 ## - NÚMERO INTERNACIONAL ESTÁNDAR DEL LIBRO
Número Internacional Estándar del Libro 0-9650052-0-8
245 00 - MENCIÓN DEL TÍTULO
Título Vírgenes, magos y escapularios
Resto del título : imagineria, etnicidad y religiosidad popular en Puerto Rico /
Mención de responsabilidad, etc. Angel G. Quintero Rivera, editor con las colaboraciones de Fernando Pico..[et al.] ; ilustrato con fotos de Jack Delano y Hector Mendez Caratini.
260 ## - PUBLICACIÓN, DISTRIBUCIÓN, ETC.
Lugar de publicación, distribución, etc. San Juan de Puerto Rico :
Nombre del editor, distribuidor, etc. Universidad de Puerto Rico ;
Lugar de publicación, distribución, etc. Rio Piedras :
Nombre del editor, distribuidor, etc. Centro de Investigaciones Sociales :
-- Fundacion Puertorriqueña de las Humanidades,
Fecha de publicación, distribución, etc. 1998.
300 ## - DESCRIPCIÓN FÍSICA
Extensión 213 p. :
Otras características físicas il. ;
Dimensiones 25 cm.
650 #4 - PUNTO DE ACCESO ADICIONAL DE MATERIA--TÉRMINO DE MATERIA
Término de materia o nombre geográfico como elemento de entrada Folklore-
Subdivisión geográfica Puerto Rico.
9 (RLIN) 154562
650 #4 - PUNTO DE ACCESO ADICIONAL DE MATERIA--TÉRMINO DE MATERIA
Término de materia o nombre geográfico como elemento de entrada Religiosidad popular-
Subdivisión geográfica Puerto Rico.
9 (RLIN) 154563
651 #4 - PUNTO DE ACCESO ADICIONAL DE MATERIA--NOMBRE GEOGRÁFICO
Nombre geográfico Puerto Rico-
Subdivisión general Usos y costumbres.
9 (RLIN) 9293
700 0# - ENTRADA AGREGADA--NOMBRE PERSONAL
Nombre de persona Quintero Rivera, Angel G.
9 (RLIN) 94729
700 0# - ENTRADA AGREGADA--NOMBRE PERSONAL
Nombre de persona Picó, Fernando.
9 (RLIN) 91861
700 0# - ENTRADA AGREGADA--NOMBRE PERSONAL
Nombre de persona Delano, Jack.
9 (RLIN) 43312
700 1# - ENTRADA AGREGADA--NOMBRE PERSONAL
Nombre de persona Méndez Caratini, Héctor.
9 (RLIN) 154564
852 ## - LOCALIZACIÓN
Ubicación ES-MaACL
Número de control de estantería A-13053
itemnumber 179594
Sublocalización o colección R.126857
Ubicación en estantería Depósito 1
Signatura antigua Olim: N-6053
Anotaciones manuscritas Dedicatoria autógrafa del colaborador Arcadio Díaz Quiñones
Donativo/Legado Donación: Arcadio Díaz Quiñones
903 ## - NOMBRE PERSONAL DE DONANTE
a Díaz Quiñones, Arcadio,
d 1940-
e Donante
9 44401
942 ## - ELEMENTOS DE ENTRADA SECUNDARIOS (KOHA)
Fuente del sistema de clasificación o colocación Clasificación decimal universal
Tipo de ítem Koha Libro impreso
Holdings
Estatus retirado Estado de pérdida Fuente del sistema de clasificación o colocación Estado de daño No para préstamo Colección Biblioteca de origen Biblioteca actual Ubicación en estantería Fecha de adquisición Fuente de adquisición Total de préstamos Signatura topográfica completa Código de barras Visto por última vez Precio de reemplazo Tipo de ítem Koha Nota pública
    Clasificación decimal universal     Libros con dedicatorias Biblioteca del Ateneo de Madrid Biblioteca del Ateneo de Madrid Depósito 1 16/09/2009 Donación   A-13053 1181453 23/02/2023 23/02/2023 Libro impreso Dedicatoria autógrafa de Arcadio Díaz Quiñones